Annual Report of Gujarat Public Service Commission, 2016-2017 (Record no. 518236)

000 -LEADER
fixed length control field 00301nam a22000977a 4500
082 ## - DEWEY DECIMAL CLASSIFICATION NUMBER
Classification number A45x5441 GUJA/2016-17
100 ## - MAIN ENTRY--PERSONAL NAME
Personal name Gujarat Public Service Commission
9 (RLIN) 2833
245 ## - TITLE STATEMENT
Title Annual Report of Gujarat Public Service Commission, 2016-2017
260 ## - PUBLICATION, DISTRIBUTION, ETC. (IMPRINT)
Place of publication, distribution, etc Ahmedabad
Name of publisher, distributor, etc Government Press
Date of publication, distribution, etc 2018
300 ## - PHYSICAL DESCRIPTION
Extent 210p.
Holdings
Withdrawn status Lost status Source of classification or shelving scheme Damaged status Koha normalized classification for sorting Not for loan Permanent location Current location Date acquired Full call number Barcode Date last seen Price effective from Koha item type
        A_45X5441_GUJA_201617   Indian Institute of Public Administration Indian Institute of Public Administration 2021-08-31 A45x5441 GUJA/2016-17 gg34877 2021-08-31 2021-08-31 GG

Powered by Koha